000 00252nam a22001337a 4500
020 _a0
041 _aENG
100 _aMacers Mit Phne
245 _aMacers Mit Phne
260 _apune
_bpune
_c1992
300 _a151
650 _aGAE
856 _uGAE
999 _c293
_d293